Dẫn luận ngôn ngữ học
שמור ב:
| פורמט: | ספר |
|---|---|
| יצא לאור: |
NXB Giáo dục
1998
|
| תגים: |
הוספת תג
אין תגיות, היה/י הראשונ/ה לתייג את הרשומה!
|
| Thư viện lưu trữ: | Mạng thư viện Đại học Đà Nẵng |
|---|
| LEADER | 00493nam a22001691a 4500 | ||
|---|---|---|---|
| 001 | 000035884 | ||
| 003 | 12176 | ||
| 005 | 20160321110945.0 | ||
| 008 | 160321s1998 000 | ||
| 245 | |a Dẫn luận ngôn ngữ học |c Nguyễn Thiện Giáp (c.b), Đoàn Thiện Thuật & Nguyễn Minh Thuyết | ||
| 260 | |a NXB Giáo dục |c 1998 | ||
| OWN | |a LNN | ||
| 999 | |a From the UDN01 | ||
| TYP | |a Monograph | ||
| 980 | |a Mạng thư viện Đại học Đà Nẵng | ||